LDR 01619namaa2200385 i 4500 001 000000178686 003 CaOOAMICUS 005 20260422151107.0 008 260422s2026 it l u000 u ita r 020 $a978-88-08-19958-4* 032 $aLibriCat 040 $aPUL$bita 082 10$a346.4506 245 03$aLe società benefit /$copera diretta da Antonio Cetra ; con la collaborazione di Paolo Butturini...[et al.]. 250 $a1.edizione: febbraio 2026 264 20$aBologna :$bZanichelli,$c©2026. 300 $aX,437 pagine ;$c25 cm 336 $atesto$btxt$2rdacontent 337 $asenza mediazione$bn$2rdamedia 338 $avolume$bnc$2rdacarrier 490 1 $aDottrina casi sistemi ;$v44 500 $aIn copertina: Con risorse digitali. 504 $aBibliografia in nota. 650 4$aDiritto societario$zItalia.$0(OLS)http://pul/subject/39564 700 1 $aCetra, Antonio,$edirettore di pubblicazione.$0(OLS)http://pul/name/97433 700 1 $aButturini, Paolo,$d1977-,$ecollaboratore.$0(OLS)http://pul/name/114981 830 0$aDottrina casi sistemi ;$v44.$0(OLS)http://pul/title/139266 850 $aPUL 852 $aPUL$W1$xSL Diritto e Scienze Sociali 3$y79$m348. 45 COLL 1.44$j202459$qDDC 21$B207870$CPULBib$Z2$F207870 $H138580 $82 941 1 $a9 996 $6020$a978-88-08-19958-4*$9(OLS)http://pul/number/170945 996 $6082$a346.4506$9(OLS)http://pul/classification/679 996 $6245$aLe società benefit$9(OLS)http://pul/title/220262 996 $6264$aBologna :$bZanichelli$9(OLS)http://pul/publisher/48255